| 000 | 00817nas a22002531i#4500 | ||
|---|---|---|---|
| 001 | 1639 | ||
| 003 | ES-MaACL | ||
| 005 | 20250802062545.0 | ||
| 007 | t| | ||
| 008 | 950801d19501954sp | | 1 ||pa d | ||
| 022 | _a0551-0627 | ||
| 080 | _a82.09 | ||
| 245 | 0 | 0 |
_aPlatero _b: verso y prosa. |
| 260 |
_aCádiz : _b[Platero], _c[1950-1954] ( _fTalleres Gráficos La Voz del sur) |
||
| 300 |
_av : _bgrab ; _c25 cm. |
||
| 310 | _aMensual | ||
| 362 | 0 | _a1ª época (31 marzo 1950)-39 ; 2. época, n. 1 (en. 1951)-n. 24. | |
| 555 | _aÍndices por José Antonio Hernández Guerrero. | ||
| 580 | _aExiste una reprod. facs. publicada en Sevilla en 2000. | ||
| 650 | 1 | 7 |
_aLiteratura española _2embne _914539 |
| 852 |
_aES-MaACL _jR-2774 _x Olim:Hem-902 |
||
| 866 | 0 | _o(1951f.n.1)1952-54 | |
| 999 |
_c1639 _d1639 |
||